| 000 | 00604nam a2200241Ia 4500 | ||
|---|---|---|---|
| 003 | GCL | ||
| 008 | 140319s9999 xx 000 0 eng d | ||
| 040 |
_aGCL / _cGCL |
||
| 082 | 0 | 4 |
_a220 _bK B |
| 100 | 1 | _aKELLER, WERNER | |
| 245 | 1 | 0 |
_aThe Bible As History / _cKELLER, WERNER |
| 700 | 1 | _aREHORK, JOACHIM | |
| 700 | 1 | _aRASNUSSEN | |
| 260 |
_a[S.N] : _bBANTAM BOOKS ، _c1982 |
||
| 300 | _a465 P | ||
| 650 | 0 | 4 | _aNEW TESTAMENT |
| 650 | 0 | 4 | _aHISTORY |
| 650 | 0 | 4 | _aSINAI |
| 650 | 0 | 4 | _aJERUSALEM - CHURCHES |
| 650 | 0 | 4 | _aBIBLE .O.T - INTERPRETATION |
| 650 | 0 | 4 | _aOLD TESTAMENT |
| 942 |
_2ddc _cBK |
||
| 999 |
_c17066 _d17066 |
||